| 000 | 00735nam a22002177a 4500 | ||
|---|---|---|---|
| 005 | 20130816115405.0 | ||
| 010 | _aB-504818-819 | ||
| 020 |
_a9780143414537 _c499.00 |
||
| 035 | _aB-504818-819 | ||
| 037 | _aKKP/VEN | ||
| 082 | _a881 | ||
| 100 | _aSouza, DE Eunice | ||
| 245 |
_aThese My Words: _bThe penguin book of indian poetry/ _cby Eunice DE Souza |
||
| 260 |
_aNew Delhi _bPenguin _c2012 |
||
| 270 |
_a11 community centre, panchsheel park _bNew Delhi _e110017 |
||
| 300 |
_axxx,446p. _c15cm.(pbk) |
||
| 500 | _ainclude copyright acknowledments | ||
| 700 | _aSilgardo, Melanie | ||
| 942 |
_2ddc _cEN _mTHE _h881 |
||
| 999 |
_c78417 _d78417 |
||